| 000 | 01148cab a2200205 4500 | ||
|---|---|---|---|
| 001 | L131063 | ||
| 008 | 050923n2005 000 0 eng u | ||
| 035 | _a(Sirsi) u131063 | ||
| 041 | 0 | _aeng | |
| 100 | _aWhitters, Bernadette | ||
| 245 | _aConditional contracts | ||
| 260 | _c2005 | ||
| 490 |
_aEMIS Property Service _v3(9) September 2005, 3-4(2) |
||
| 520 | _aFocuses on conditional contracts, which are rarely appropriate in residential conveyancing, but are not unusual in commercial conveyancing where contracts can be conditional on the buyer obtaining satisfactory results to searches, surveys or planning permission prior to the date of completion. Considers "Ashfield Land Ltd v Mallan Ltd and another" ([2004] EWHC 2815 (Ch)) in connection with the seller's right to forfeit the deposit. Provides guidelines for drafting conditional contracts. | ||
| 590 | _aIKA270905 | ||
| 650 | _aASHFIELD LAND V MALLAN LTD AND ANOTHER | ||
| 690 | _aPROPERTY-PROPERTY ACQUISITION AND DISPOSAL-CONVEYANCING | ||
| 856 | 4 | 1 |
_uhttps://www.bailii.org/ew/cases/EWHC/Ch/2004/2815.html _zView the judgment free of charge at www.bailii.org... |
| 942 | _n0 | ||
| 999 |
_c75935 _d75935 |
||